Yüklüyor......
Stoichiometry
| Yazar: | |
|---|---|
| Diğer Yazarlar: | |
| Materyal Türü: | Printed Book |
| Dil: | English |
| Baskı/Yayın Bilgisi: |
New Delhi
Tata McGraw-Hill
2004
|
| Edisyon: | 4th ed. |
| Konular: |
| LEADER | 00659nam a2200253 a 4500 | ||
|---|---|---|---|
| 001 | adlib96000001 | ||
| 003 | ViArRB | ||
| 005 | 20151026132114.0 | ||
| 008 | 960221s1955 dcuabcdjdbkoqu001 0deng d | ||
| 020 | |a 007-049494-0 | ||
| 022 | |||
| 040 | |a Adlib | ||
| 082 | |a 541.22 | ||
| 245 | |a Stoichiometry | ||
| 250 | |a 4th ed. | ||
| 260 | |a New Delhi |b Tata McGraw-Hill |c 2004 | ||
| 300 | |a ix, 633p. | ||
| 500 | |a | ||
| 100 | |a Bhatt, B. I. | ||
| 700 | |a Vora, S. M. | ||
| 942 | |c BK |6 _ | ||
| 653 | |a Stoichiometry | ||
| 999 | |c 41772 |d 41772 | ||
| 952 | |0 0 |1 0 |4 0 |6 54122_BHA |7 0 |9 53803 |a UL |b UL |d 2010-06-16 |l 1 |o 541.22 BHA |p 00052757 |r 2015-03-11 |s 2014-07-01 |w 2010-06-16 |y BK | ||